000 00259nam a2200097 a 4500
005 20201002052850.0
008 150812s2000 000 spa d
245 0 _aLengua espaƱola : nivel medio.
260 _aSanto Domingo : Corripio,
_c2000.
999 _c45919
_d45919
040 _aDO-SdBNP